• 首页
  • 本馆介绍
  • 公告通知
  • 最新文献
  • 馆藏检索
  • 电子资源
  • 读者导购
  • 参考咨询
  • 我的图书馆
  • 登录
  • 详细信息显示
  • 放入我的书架
  • 预约/预借图书
  • 作者相关作品
  • 分类相关作品
  • 丛书相关作品
  • 出版社相关作品

书目信息

  • 表格格式
  • 工作单格式
  • 卡片格式
题名:
中国共产党思想政治教育史
    
 
作者: 许启贤 主编
分册:  
出版信息: 北京   中国人民大学出版社  2004
页数: 11,486页
开本: 23cm
丛书名:
单 册:
中图分类: D261.1
科图分类:
主题词:
电子资源:
ISBN: 7-300-05972-4
000 01101nam0 2200289 450
000 01106nam0 2200277 450
000 01037nam0 2200253 450
000 01001oam2 2200241 45
005 20070724112033.09
010    @a7-300-05972-4@dCNY38.00
100    @a20070719d2004 em y0chiy0120 ea
101 0  @achi
102    @aCN@b110000
105    @ay z 000yy
200 1  @a中国共产党思想政治教育史@AZhong Guo Gong Chan Dang Si Xiang Zheng Zhi Jiao Yu Shi@f许启贤主编@FXu Qi Xian Zhu Bian
205    @a2版
210    @a北京@c中国人民大学出版社@d2004
215    @a11,486页@d23cm
300    @a研究生教学用书教育部研究生工作办公室推荐
330    @a本书共十二章,包括五四提出的新课题:用什么思想来教育人民;党的创立和大革命时期的思想政治教育;第二次国内战争时期的思想政治教育等内容。
510 1  @aThe History of the CPC's Ideological and Political Education@zeng
601 0  @a中国共产党@x思想政治教育@x党史@x研究生@j教材
601 0  @a中国共产党
690    @aD261.1@v4
701  0 @a许启贤@AXu Qi Xian@f(1934.12~2004.7)@4主编
801  0 @aCN@bTAOJIN@c20070724
905    @a10447@dD261.1@e194=2
    
    中国共产党思想政治教育史/许启贤主编.-2版.-北京:中国人民大学出版社,2004
    11,486页;23cm
    研究生教学用书教育部研究生工作办公室推荐
    
    ISBN 7-300-05972-4:CNY38.00
    本书共十二章,包括五四提出的新课题:用什么思想来教育人民;党的创立和大革命时期的思想政治教育;第二次国内战争时期的思想政治教育等内容。
●
相关链接 在E读中查询图书 在五车中查询图书 在当当中查询图书 在豆瓣中查询图书


正题名:中国共产党思想政治教育史     索取号:D261.1/194=2         预约/预借

序号 登录号 条形码 馆藏地/架位号 状态 备注
1 0824314   208243140   第一样本阅览室/ [索取号:D261.1/194=2] 在馆    
2 0824315   208243159   第一借阅区/ [索取号:D261.1/194=2] 在馆    
3 0824316   208243168   第一借阅区/ [索取号:D261.1/194=2] 在馆    
4 0824317   208243177   第一借阅区/ [索取号:D261.1/194=2] 在馆    
5 0824318   208243186   第一借阅区/ [索取号:D261.1/194=2] 在馆    
6 0824319   208243195   第一借阅区/ [索取号:D261.1/194=2] 在馆    
7 0824320   208243202   第一借阅区/ [索取号:D261.1/194=2] 在馆    
8 0824321   208243211   第一借阅区/ [索取号:D261.1/194=2] 在馆    
唐山师范学院图书馆 欢迎您!
大连网信软件有限公司© 版权所有